LEADER 01580nam 2200421Ia 450 001 996396263803316 005 20221108104930.0 035 $a(CKB)4330000000329486 035 $a(EEBO)2240880554 035 $a(OCoLC)18765242 035 $a(EXLCZ)994330000000329486 100 $a19881115d1682 uy | 101 0 $aeng 135 $aurbn||||a|bb| 200 14$aThe house of weeping, or, Mans last progress to his long home$b[electronic resource] $efully represented in several funeral discourses, with many pertinent ejaculations under each head, to remind us of our mortality and fading state /$fby John Dunton .. 210 $aLondon $cPrinted for John Dunton ...$d1682 215 $aca. 700 p 300 $aAdded illustrated t.p. 300 $aBound with t.p., and added illustrated t.p., of 1692 edition with title: A mourning-ring, in memory of your departed friend. 300 $aImperfect: pages lacking, cropped, tightly bound and torn, with some loss of print. 300 $aReproduction of original in the British Library. 330 $aeebo-0018 606 $aFuneral sermons 606 $aEschatology 606 $aLast words 606 $aMourning customs 615 0$aFuneral sermons. 615 0$aEschatology. 615 0$aLast words. 615 0$aMourning customs. 700 $aDunton$b John$f1627 or 8-1676.$01002724 801 0$bEAI 801 1$bEAI 801 2$bWaOLN 906 $aBOOK 912 $a996396263803316 996 $aThe house of weeping, or, Mans last progress to his long home$92361570 997 $aUNISA LEADER 01691nam0 22003371i 450 001 UON00042278 005 20231205102151.447 100 $a20020107d1969 |0itac50 ba 101 $ager 102 $aDE 105 $a|||| 1|||| 200 1 $aHethitisch, palaisch, luwisch, hieroglyphenluwisch und hattisch alkleinasiatische indices zum handbuch der orientalistik$fvon A. Kammenhuber 210 $aMunchen$cJ. Kitzinger$d1969 215 $a134 p.$d20 cm 410 1$1001UON00042277$12001 $aMunchener Studien zur Sprachwissenschaft. Beihefte$v4 606 $aFILOLOGIA ANATOLICA$3UONC002650$2FI 606 $aEPIGRAFIA ITTITA$xISCRIZIONI GEROGLIFICHE$3UONC004124$2FI 606 $aEPIGRAFIA$xASIA MINORE$3UONC011302$2FI 606 $aFILOLOGIA ITTITA$xTESTI PALAI$3UONC013909$2FI 606 $aLINGUE ANATOLICHE ANTICHE$xStudi$3UONC029324$2FI 620 $aDE$dMünchen$3UONL003025 676 $a491.998$cLingua ittita, hurrita, sumera, luvica, etc.$v21 686 $aAN III IT$cANATOLIA - FILOLOGIA - ITTITA$2A 700 1$aKAMMENHUBER$bAnnelies$3UONV024542$0648195 712 $aKitzinger$3UONV246137$4650 801 $aIT$bSOL$c20240220$gRICA 912 $aUON00042278 950 $aSIBA - SISTEMA BIBLIOTECARIO DI ATENEO$dSI AN III IT 003 $eSI SEM987 5 003 950 $aSIBA - SISTEMA BIBLIOTECARIO DI ATENEO$dSI GLOTT B 6 III 043 $eSI GL 3436 5 043 996 $aHethitisch, palaisch, luwisch, hieroglyphenluwisch und hattisch alkleinasiatische indices zum handbuch der orientalistik$91153665 997 $aUNIOR LEADER 05639oam 2201405 c 450 001 9910404114703321 005 20260302090207.0 010 $a9783839452004 010 $a3839452007 024 7 $a10.14361/9783839452004 035 $a(CKB)4100000011249109 035 $a(DE-B1597)544741 035 $a(DE-B1597)9783839452004 035 $a(OCoLC)1158167781 035 $a(MiAaPQ)EBC6751200 035 $a(Au-PeEL)EBL6751200 035 $a(transcript Verlag)9783839452004 035 $a(MiAaPQ)EBC6956181 035 $a(Au-PeEL)EBL6956181 035 $a(oapen)https://directory.doabooks.org/handle/20.500.12854/33968 035 $a(MiAaPQ)EBC30350351 035 $a(Au-PeEL)EBL30350351 035 $a(Perlego)1564406 035 $a(EXLCZ)994100000011249109 100 $a20260302d2020 uy 0 101 0 $ager 135 $aur||||||||||| 181 $ctxt$2rdacontent 182 $cc$2rdamedia 183 $acr$2rdacarrier 200 10$aSich selbst vergleichen$eZur Relationalität autobiographischen Schreibens vom 12. Jahrhundert bis zur Gegenwart$fFranz-Josef Arlinghaus, Walter Erhart, Lena Gumpert, Simon Siemianowski 205 $a1st ed. 210 $aBielefeld$ctranscript Verlag$d2020 215 $a1 online resource (300 p.) 225 0 $aHistoire 300 $aThe relational and comparative self in autobiographical writing. An interdisciplinary approach to its history and present. 311 08$a9783837652000 311 08$a3837652009 327 $aFrontmatter 1 Inhalt 5 Vorwort 7 I. A?hnlich, Anders, Einzigartig 11 II. Relationierungen 53 III. Ich und Hieronymus, Hieronymus und ich 117 IV. Warum ich doch nicht anders bin 151 V. »Jeder soll werden wie er.« 191 VI. Warum ich mich anders schreibe 259 Nachwort 291 Register 295 330 $aWer das eigene Leben beschreibt, vergleicht sich mit anderen und mit sich selbst: Unter diesem Gesichtspunkt nehmen die vier Wissenschaftler*innen aus unterschiedlichen Disziplinen die Geschichte des autobiographischen Schreibens neu in den Blick. Leitend ist dabei die Erkenntnis, dass in Selbstbeschreibungen nicht ein vermeintlich autonomes Ich im Mittelpunkt steht, sondern ein stets in Beziehung stehendes relationales Selbst. Wie sich solche Individualität durch das Sich-Selbst-Vergleichen auf historisch jeweils unterschiedliche Weise herstellt, wird anhand von Autor*innen wie Petrus Abaelard, Guibert von Nogent, Giovanni di Pagolo Morelli, Jean-Jacques Rousseau, Johann Wolfgang von Goethe, Bertha von Suttner, Walter Benjamin, Roland Barthes, Didier Eribon und vielen anderen analysiert. 330 1 $aBesprochen in:https://ekvv.uni-bielefeld.de, 24.07.2020Vier Viertel Kult, Herbst 2020 410 0$aHistoire 517 2 $aArlinghaus et al., Sich selbst vergleichen$eZur Relationalität autobiographischen Schreibens vom 12. Jahrhundert bis zur Gegenwart 606 $aAutobiographie 606 $aAutobiography 606 $aMittelalter 606 $aMiddle Age 606 $aVergleich 606 $aComparison 606 $aSubject 606 $aSubjekt 606 $aRelationalität 606 $aRelationality 606 $aEarly Modern Period 606 $aVormoderne 606 $aIndividuality 606 $aIndividualität 606 $aPetrus Abaelard 606 $aGuibert Von Nogent 606 $aJean-Jacques Rousseau 606 $aJean-jacques Rousseau 606 $aJohann Wolfgang Von Goethe 606 $aBertha Von Suttner 606 $aWalter Benjamin 606 $aRoland Barthes 606 $aKulturgeschichte 606 $aCultural History 606 $aLiteratur 606 $aLiterature 606 $aAllgemeine Literaturwissenschaft 606 $aLiterary Studies 606 $aKulturwissenschaft 606 $aCultural Studies 606 $aLiteraturwissenschaft 606 $aHistory 606 $aGeschichtswissenschaft 615 4$aAutobiographie 615 4$aAutobiography 615 4$aMittelalter 615 4$aMiddle Age 615 4$aVergleich 615 4$aComparison 615 4$aSubject 615 4$aSubjekt 615 4$aRelationalität 615 4$aRelationality 615 4$aEarly Modern Period 615 4$aVormoderne 615 4$aIndividuality 615 4$aIndividualität 615 4$aPetrus Abaelard 615 4$aGuibert Von Nogent 615 4$aJean-Jacques Rousseau 615 4$aJean-jacques Rousseau 615 4$aJohann Wolfgang Von Goethe 615 4$aBertha Von Suttner 615 4$aWalter Benjamin 615 4$aRoland Barthes 615 4$aKulturgeschichte 615 4$aCultural History 615 4$aLiteratur 615 4$aLiterature 615 4$aAllgemeine Literaturwissenschaft 615 4$aLiterary Studies 615 4$aKulturwissenschaft 615 4$aCultural Studies 615 4$aLiteraturwissenschaft 615 4$aHistory 615 4$aGeschichtswissenschaft 676 $a800 700 $aArlinghaus$b Franz-Josef$p

Franz-Josef Arlinghaus Universität Bielefeld, Deutschland

$4aut$0296039 702 $aErhart$b Walter$p

Walter Erhart, Universität Bielefeld, Deutschland

$4aut 702 $aGumpert$b Lena$p

Lena Gumpert, Universität Bielefeld, Deutschland

$4aut 702 $aSiemianowski$b Simon$p

Simon Siemianowski,Universität Tübingen, Deutschland

$4aut 801 0$bDE-B1597 801 1$bDE-B1597 906 $aBOOK 912 $a9910404114703321 996 $aSich selbst vergleichen$91921490 997 $aUNINA